| 000 | 00510nam a2200133Ia 4500 | ||
|---|---|---|---|
| 008 | 170221s9999 xx 000 0 und d | ||
| 100 | _aM*, Luisetto | ||
| 245 | _aClinical Pharmaceutical Care and New Technologies: A Synergy to High Reduce Healthcare Costs | ||
| 245 | _cLuisetto M* | ||
| 260 | _c2012 | ||
| 300 | _a32 : 9 | ||
| 650 | _xBusiness | ||
| 856 | _uhttp://www.omicsgroup.org/journals/clinical-pharmaceutical-care-and-new-technologies-a-synergy-tohigh-reduce-healthcare-costs-2167-0234-1000e147.pdf | ||
| 999 |
_c311290 _d311290 |
||